000 00393cam a22001217a 4500
008 180718b1974 xxu||||| |||| 00| 0 eng d
082 _aA81x54 In2/71/1/Pt 2 A/2
100 _aCensus of India 1971
245 _aIndia: union primary census abstract
260 _aDelhi
_bThe Controller of Publications
_c1974
300 _a343+p.
440 _aCensus of India 1971. Volume I, India. Part II-A (ii)
999 _c484796
_d484796